Statistiche per Paesi europei: digitare la prima lettera

Clicka qui per fare il quiz!

Statistiche generali

  • Questo quiz è stato fatto 90 volte
  • Il punteggio medio è 36 su 45

Risposte nella Mappa

Le risposte nella mappa del quiz sottostante sono codificate secondo una scala di colori dal rosso al verde in base alla % di persone che hanno risposto correttamente.
 

Statistiche sulle risposte

paese% Corretto
Finlandia
91%
Portogallo
88%
Croazia
86%
Italia
86%
Malta
86%
Norvegia
86%
San Marino
86%
Austria
84%
Belgio
84%
Liechtenstein
84%
Lussemburgo
84%
Svezia
84%
Andorra
81%
Bielorussia
81%
Bosnia ed Erzegovina
81%
Danimarca
81%
Lituania
81%
Monaco
81%
Paesi Bassi
81%
Regno Unito
81%
Russia
81%
Slovacchia
81%
Spagna
81%
Bulgaria
79%
Città del Vaticano
79%
Francia
79%
Germania
79%
Grecia
79%
Lettonia
79%
Montenegro
79%
Svizzera
79%
Ucraina
79%
Albania
77%
Estonia
77%
Irlanda
77%
Macedonia del Nord
77%
Polonia
77%
Serbia
77%
Islanda
74%
Kosovo
74%
Moldavia
74%
Slovenia
74%
Ungheria
74%
Cechia
72%
Romania
70%

Distribuzione punteggi

Percentile per numero di risposta

Percentuale di utenti per punteggio

I tuoi punteggi nel tempo

Non hai fatto questo quiz